[Event "Odorheiu Secuiesc zt"]
[Site "Odorheiu Secuiesc"]
[Date "1995.??.??"]
[Round "2"]
[White "Hracek, Zbynek"]
[Black "Babula, Vlastimil"]
[Result "1-0"]
[WhiteElo "2595"]
[BlackElo "2530"]
[Annotator "Boensch,U"]
[PlyCount "43"]
[EventDate "1995.03.??"]
[EventType "swiss"]
[EventRounds "9"]
[EventCountry "ROU"]
[SourceTitle "CBM 047"]
[Source "ChessBase"]
[SourceDate "1995.08.01"]
[SourceVersion "1"]
[SourceVersionDate "1995.08.01"]
[SourceQuality "1"]

1. e4 {Baburin Horvath,T Ftacnik} c5 2. Nf3 d6 3. d4 cxd4 4. Nxd4 Nf6 5. Nc3 e6
6. Be3 (6. g4 a6 7. g5 Nfd7 8. Be3 b5 9. a3 Nb6 10. Qg4 N8d7 11. Rd1 Qc7 12.
Qg3 Bb7 13. Bg2 Rc8 14. O-O Nc4 15. Bc1 Nxa3 16. Bh3 $44 {Aseev,K-Lukin,A St.
Petersburg-ch (03) 1995 1-0 34 - CBM 47}) 6... Be7 (6... a6 {Horvath,T} 7. g4
e5 {->CBM 38/223}) 7. g4 Nc6 8. g5 Nd7 9. h4 O-O 10. Qe2 (10. Qd2 $5 {Horvath,T
} a6 11. O-O-O Nxd4 12. Qxd4 b5 13. Kb1 Re8 14. Rg1 Bf8 15. h5 $40 {
Wells-Mainka/Bad Wörishofen/1995}) (10. Qh5 $1 {Horvath,T ->CBM 38/223}) 10...
a6 11. O-O-O Nxd4 12. Bxd4 b5 13. Bh3 (13. f4 b4 14. Na4 (14. Nb1 {Ftacnik} e5
15. fxe5 dxe5 16. Bf2 Qc7 17. Nd2 Nc5 18. Bh3 a5 19. Bxc8 Rfxc8 20. Bxc5 Qxc5
21. Nb3 Qc7 22. Kb1 a4 23. Nc1 a3 24. b3 {Benjamin,Joe-Rohde,M/USA-ch/1988/1-0
(51)}) 14... Qa5 (14... Bb7 15. b3 Qc7 16. g6 e5 17. fxe5 dxe5 18. Bb2 Bc6 19.
gxf7+ Kh8 20. Qc4 $16 {Borriss,M-Buckley,G Oakham (1) 1992 1-0 30}) 15. b3 Bb7
16. g6 fxg6 17. Bh3 e5 18. h5 g5 19. h6 gxh6 20. Bxd7 exd4 $132 {Malinin,
Y-Obukhov,A URS-sf Voronez 1991 0-1 33}) (13. a3 Rb8 14. g6 (14. f4 b4 (14...
Re8 {Ftacnik} 15. Qh5 $6 Bf8 16. Bd3 e5 $1 17. fxe5 Nxe5 18. Bxe5 Rxe5 19. Nd5
Be6 20. Rhf1 Qd7 21. Rf4 Bxd5 22. exd5 g6 23. Qf3 Rbe8 24. Rf1 {Rodriguez,
Am-Ye Jiangchuan/Thessaloniki ol/1988/0-1 (31)}) 15. axb4 Rxb4 16. Kb1 Qc7 17.
Rh3 Nc5 18. f5 Qb7 19. Na2 {Horvath,Cs-Nguyen/Budapest/1994} Rxd4 20. Rxd4 exf5
21. exf5 Bxf5 22. Bg2 $16 {Horvath,C-Nguyen Anh Dung Budapest FS OctGM (02)
1994 1-0 41 - EXP 43}) 14... b4 15. gxh7+ Kh8 16. Bxg7+ Kxg7 17. Rg1+ Kh8 18.
Qh5 Bf6 19. Bd3 Ne5 20. f4 bxc3 $19 {Pachmann,A-Orsag,Mil Prague Bohemians (11)
1994 0-1 37}) (13. Bg2 Bb7 14. Qg4 Rc8 15. g6 e5 16. gxf7+ Rxf7 17. Be3 Nf6 18.
Qe6 Rc4 19. Bf1 Rxc3 $1 20. bxc3 Nxe4 21. Rg1 Qa5 $17 {Ansell,S-Howell,J
London Loyds (02) 1991 1/2 49}) (13. g6 {Ftacnik} fxg6 14. h5 b4 15. Nb1 Qa5
16. hxg6 h6 17. Rh5 Bg5+ 18. Be3 Bxe3+ 19. fxe3 Qc7 20. Nd2 Ne5 21. Nb3 {
Van der Wiel-Vanheste/NLD-ch Hilversum/1988/0.5 (21)}) (13. Kb1 {Ftacnik} b4
14. Na4 Bb7 15. Bg2 Bc6 16. b3 Bxa4 17. bxa4 Nb6 18. g6 Nxa4 19. gxf7+ Rxf7 20.
Qc4 Bf6 21. Qxe6 Qe8 22. Qxe8+ Rxe8 23. e5 dxe5 24. Bc6 {Georgiev,Ki-Hansen,C/
Wijk/1988/0.5 (43)}) 13... Qa5 (13... b4 {Ftacnik} 14. Nb1 Qa5 15. Nd2 (15. f4
{Horvath,T} Qxa2 16. g6 hxg6 17. h5 $40) 15... e5 16. Be3 Qxa2 17. Qc4 Qa1+ 18.
Nb1 Rb8 19. g6 hxg6 20. Rdg1 b3 21. cxb3 Nf6 22. Kc2 d5 23. Qc7 Rb7 24. Qxe5 {
Kremer,M-Kohlweyer,B/Leeuwarden op (08)/1993/0-1 (29)}) 14. g6 {Baburin: In
situations like this it's very important to begin the attack quicker than your
opponent. Often material is not as important as time and King's safety. This
makes such games very entertaining.} (14. a3 {Horvath,T} b4 15. axb4 Qxb4 16.
f4 Rb8 17. Na2 Qa5 18. Kb1 Nc5 $13) 14... hxg6 (14... Ne5 {Ftacnik} 15. gxh7+
Kh8 16. f4 Nc6 17. Bxg7+ Kxg7 18. Qg4+ Kh8 19. Rhg1 $18) 15. h5 {White opens
files on the King side by force.} b4 $146 (15... Ne5 16. f4 Nc6 17. Be3 g5 18.
h6 g6 19. h7+ Kh8 20. Nd5 exd5 21. exd5 Bf6 22. fxg5 Bg7 23. dxc6 Qxa2 $17 {
Shtirenkov,V-Cvitan,O Katowice op (08) 1992 1/2 48} (23... Qxa2 {Ftacnik} 24.
c3 {Shtirenkov,V-Cvitan,O/Katowice op (08)/1992/0.5 (48)})) (15... Nf6 $5 {
Horvath,T} 16. hxg6 b4 (16... fxg6 17. e5 dxe5 18. Qxe5 $16) 17. Nd5 (17. Bf5
fxg6 $1 18. Bxg6 Qg5+ $19) 17... exd5 18. Be6 (18. Bxf6 Bxf6 19. Be6 (19. Qh5
fxg6 20. Qh7+ Kf7 $19) 19... Bg5+ $1 20. Kb1 Bxe6 $19) 18... Bxe6 19. Bxf6 fxg6
$1 20. Bxe7 Qxa2 $17) 16. hxg6 {Alles nur Bluff, oder eine weitsichtige
Kombination? Nach der besten Verteidigung 17...Bg5! konnte ich keine
erfolgversprechende Fortführung des Angriffs finden.} bxc3 17. Bf5 fxg6 $2 (
17... exf5 $2 18. Rh8+ Kxh8 19. Qh5+ Kg8 20. Qh7#) (17... cxb2+ $2 18. Kb1 fxg6
(18... Nf6 19. Bxf6 fxg6 (19... exf5 20. Rh8+ Kxh8 21. Qh5+ Kg8 22. Qh7#) 20.
Bxe7 $18) 19. Bxe6+ Rf7 20. Qc4 Ne5 21. Bxf7+ Nxf7 22. Rh8+ Kxh8 23. Qxf7 $18)
(17... Bg5+ $142 $1 18. Kb1 (18. f4 Bxf4+ 19. Kb1 Ne5 $1 (19... exf5 $2 20.
Rh8+ Kxh8 21. Qh5+ Bh6 22. Qxh6+ Kg8 23. Qh7#) 20. Bxc3 Qb5 21. gxf7+ Rxf7 22.
Qh5 Bh6 $19) 18... Ne5 $1 19. gxf7+ (19. Bxe5 Qxe5 $19) (19. Bxc3 Qb5 (19...
Qc7 {Ftacnik} 20. gxf7+ Rxf7 21. Bh7+ Kf8 22. Bxe5 dxe5 23. Bg6 Bh6 $140 24.
Bxf7 Kxf7 25. Rxh6 gxh6 26. Qh5+ Ke7 27. Qxh6 $40) 20. Qh5 Bh6 $17) 19... Rxf7
20. Bxc3 Qb5 21. Bh7+ Kf8 $19) 18. Bxe6+ Rf7 19. Qc4 Ne5 (19... cxb2+ 20. Kb1
Ne5 $18 {- Partiefortsetzung /game.}) 20. Bxf7+ (20. Bxe5 $2 {Ftacnik} Bxe6 $19
) 20... Nxf7 21. Rh8+ Kxh8 22. Qxf7 {Beide Mattdrohungen (Qg7;Rh1) sind nicht
zu parieren.} (22. Qxf7 {Ftacnik} Bg5+ 23. Kb1 Bh6 24. Rh1 Qh5 25. Rxh5 gxh5
26. Bxg7+ Bxg7 27. Qxh5+ Kg8 28. Qd5+ $18) 1-0

[Event "St Petersburg op"]
[Site "St Petersburg"]
[Date "1995.??.??"]
[Round "5"]
[White "Bologan, Viktor"]
[Black "Lukin, Andrei M"]
[Result "1-0"]
[WhiteElo "2540"]
[BlackElo "2420"]
[Annotator "Bologan,V"]
[PlyCount "67"]
[EventDate "1995.05.??"]
[EventType "swiss"]
[EventRounds "9"]
[EventCountry "RUS"]
[SourceTitle "CBM 046 Extra"]
[Source "ChessBase"]
[SourceDate "1995.07.01"]
[SourceVersion "1"]
[SourceVersionDate "1995.07.01"]
[SourceQuality "1"]

1. e4 {Shipov} c5 2. Nf3 d6 3. d4 cxd4 4. Nxd4 Nf6 5. Nc3 a6 6. Be3 e6 7. g4 b5
8. g5 Nfd7 (8... b4 9. gxf6 bxc3 10. fxg7 Bxg7 11. b4 $1 (11. b3 {Shipov} Nd7 (
11... Bb7 $5) 12. Rg1 Bf6 13. Qh5 Nc5 14. Bg2 Bb7 15. e5 $1 Bxg2 16. exf6 Bd5
17. Rd1 Qxf6 18. Nf5 $36 {Tseshkovsky,V-Dvoirys,S/Sochi/1981/}) (11. bxc3 Qc7
$132)) 9. a3 Nb6 10. f4 (10. h4 {Shipov} N8d7 11. h5 Bb7 12. g6 $1 {Adams/}
hxg6 13. hxg6 Rxh1 14. gxf7+ Ke7 $6 (14... Kxf7 $32 15. Qf3+ $16) 15. Qg4 Qc8
16. Qxe6+ Kd8 17. Qe8+ Kc7 18. Ne6+ Kb8 19. Nxf8 Nxf8 20. Bxb6 $16 {Zontakh,
A-Sakaev,K/St-Peterburg op/1994/}) 10... N8d7 (10... h6 $1) 11. Bg2 {N/} (11.
f5 Ne5 12. Bh3 (12. fxe6 {Shipov} fxe6 13. Bh3 Nbc4 14. Qe2 Nxe3 15. Qxe3 Be7
16. Bxe6 Bxg5 17. Qh3 Bh4+ 18. Ke2 Qg5 $1 19. Bxc8 Qh5+ 20. Nf3 Qxf3+ 21. Qxf3
Nxf3 22. Bb7 Nd4+ 23. Kd3 Rb8 $10 {Rutman,A-Lukin,A/St-Peterburg/1992/})) (11.
Bd3 $5 {Shipov /\0-0,f5/}) 11... Nc4 12. Bc1 Qc7 (12... Bb7 $5 {Shipov /\13.b3
Qa5 14.Nde2 b4! /}) 13. O-O (13. b3 {Shipov} Ne3 (13... Nxa3 $5 14. Nce2 e5 $1
$132) 14. Bxe3 Qxc3+ 15. Kf2 Bb7 $10) 13... Bb7 14. f5 e5 (14... exf5 {Shipov}
15. exf5 $16) 15. Ne6 $3 (15. Nde2 $6 Ncb6 $1 16. Kh1 O-O-O (16... Be7 $5) 17.
a4 b4 18. a5 bxc3 19. axb6 cxb2 20. bxc7 bxa1=Q 21. cxd8=Q+ Kxd8 22. Qd3 $1 $16
) 15... fxe6 16. Qh5+ (16. fxe6 Nc5 17. Nd5 Bxd5 18. exd5 O-O-O $13) 16... Kd8
(16... g6 17. fxg6 O-O-O 18. gxh7 (18. gxh7 {Shipov} d5 $1 $13)) 17. fxe6 Nc5 (
17... Ndb6 $5 {Shipov}) 18. Nd5 (18. b3 $32 {Shipov} Nb6 (18... Nxe6 $5 19.
bxc4 Qxc4 20. Nd5 $1 $44) 19. Nd5 Bxd5 20. exd5 $44) 18... Bxd5 19. exd5 g6 20.
Qe2 (20. Qh4 $5) 20... Be7 $2 (20... e4 $1 21. a4 $1 (21. b3 Bg7 (21... Bg7)) (
21. Rf7 Qb6 22. Kh1 Ne5 $1 $19) (21. Bxe4 {Shipov} Nxe4 22. Qxe4 Bg7 $17) 21...
Nxa4 22. b3 Bg7 23. Rxa4 bxa4 24. bxc4 Rf8 25. Ba3 $1) 21. b3 $16 Nb6 22. Be3
Kc8 23. Rf7 Kb7 24. Qf2 Ka7 (24... Rhf8 $6 {Shipov} 25. Bxc5 $18) 25. a4 $18 (
25. Bxc5 $2 {Shipov} dxc5 26. d6 Qxd6 27. Bxa8 Rxa8 $17) 25... b4 (25... bxa4
$2 {Shipov} 26. b4 $18) 26. c3 a5 (26... bxc3 {Shipov} 27. b4 $18) 27. cxb4
axb4 28. Rc1 Kb8 (28... Rac8 {Shipov} 29. a5 Na8 30. Bxc5+ dxc5 31. Rxc5 $6
Qxc5 (31... Bxc5 32. Qxc5+ $18) 32. Rxe7+ Kb8 $1 33. d6 Qc1+ $13) 29. Qe1 Ra7
30. Qxb4 Rb7 31. Qa3 Qd8 32. a5 Bxg5 33. Bxg5 Qxg5 34. axb6 1-0

[Event "Dos Hermanas"]
[Site "Dos Hermanas"]
[Date "1996.05.22"]
[Round "2"]
[White "Anand, Viswanathan"]
[Black "Kasparov, Garry"]
[Result "1/2-1/2"]
[WhiteElo "2725"]
[BlackElo "2775"]
[Annotator "Bologan,V"]
[PlyCount "50"]
[EventDate "1996.05.21"]
[EventType "tourn"]
[EventRounds "9"]
[EventCountry "ESP"]
[EventCategory "19"]
[SourceTitle "CBM 053"]
[Source "ChessBase"]
[SourceDate "1996.08.01"]
[SourceVersion "1"]
[SourceVersionDate "1996.08.01"]
[SourceQuality "1"]

1. e4 {Kasparov Petursson} c5 2. Nf3 d6 3. d4 cxd4 4. Nxd4 Nf6 5. Nc3 a6 6. Be3
e6 7. g4 h6 8. f4 e5 9. Nf5 Nc6 10. Qf3 {Novelty. Of course this move has
sense only if White is going to sacrify the knight on 'f5'.} (10. Be2 g6 11.
Ng3 exf4 12. Bxf4 Ne5 13. Qd4 Be6 14. O-O-O Qa5 15. Kb1 Be7 16. Nd5 Bxd5 17.
exd5 Nfd7 18. Ne4 $16 {Shirov A.-Kamsky G./ Monte Carlo (Monaco) 1996.}) 10...
g6 11. O-O-O gxf5 12. exf5 e4 $6 {The Whites threat 'g4-g5' it is not so
dangerous because of intermediar 'ef4'. That's why I would recomend for Black
to play 12...Qc7.} (12... Qc7 $5 13. Bg2 $5 $44 (13. g5 $6 exf4 14. gxf6 (14.
Bxf4 hxg5 15. Bxg5 Ne5 16. Qf2 Bh6 $19) 14... fxe3 15. Nd5 Qa5 16. Qxe3+ Kd8
17. Bh3 Rb8 $17)) 13. Nxe4 Nxe4 14. Qxe4+ Qe7 15. Qd3 Bg7 16. Bd2 $6 {I might
be wrong but I think after the game Anand sugested 16.Bb6 as the best move and
his evaluation of the position was quite optimistic for White.} (16. Bb6 O-O
17. Bg2 Qf6 18. c3 $16) 16... O-O 17. g5 (17. Bg2 $5) 17... hxg5 18. fxg5 Qe5 (
18... Ne5 19. Qe4 d5 20. Qf4 $44) 19. f6 Bf5 20. Qg3 Rfc8 21. Bc3 {[#]} Nb4 $1
{Just brilliantly from the estetic point of vew. But still there was an simple
equalizing move 21...Qg3. Kasparov: I played this move, because I wanted to
make the public happy.} (21... Qxg3 22. hxg3 Nb4 23. Rd4 Nxa2+ 24. Kd2 Nxc3 25.
bxc3 Rc5 (25... Rc7 $15 {Petursson}) 26. fxg7 Kxg7 27. Bg2 Ra7 28. Rxd6 Be6 29.
g6 Kxg6 30. Rb6 $10) 22. Bxe5 Rxc2+ 23. Kb1 Re2+ 24. Ka1 Nc2+ 25. Kb1 Na3+
1/2-1/2

[Event "Berlin Neukoelln"]
[Site "Berlin"]
[Date "1990.??.??"]
[Round "5"]
[White "Rigo, Janos"]
[Black "Pedzich, Dominik"]
[Result "0-1"]
[WhiteElo "2400"]
[BlackElo "2415"]
[Annotator "Borik,O"]
[PlyCount "38"]
[EventDate "1990.??.??"]
[EventType "tourn"]
[EventRounds "11"]
[EventCountry "GER"]
[EventCategory "3"]
[SourceTitle "EXT 1997"]
[Source "ChessBase"]
[SourceDate "1996.11.15"]
[SourceVersion "1"]
[SourceVersionDate "1996.11.15"]
[SourceQuality "1"]

{SCHACH Magazin 64 23/1990 Seiten 632-633} 1. e4 c5 2. Nf3 e6 3. d4 cxd4 4.
Nxd4 Nf6 5. Nc3 d6 6. g4 e5 7. Nf5 ({Die Theorieempfehlung lautet} 7. Bb5+ {
um erst einmal die weißfeldrigen Läufer abzutauschen, bevor Sf5 geschieht.})
7... h5 8. g5 Nxe4 9. Nxg7+ (9. Nxe4 Bxf5) ({und} 9. Bb5+ Nc6 {sind jeweils
für Schwarz günstige Abspiele.}) 9... Bxg7 10. Nxe4 d5 11. Ng3 {[#]Auf den
ersten Blick wirkt die weiße Stellung besser: Was soll man gegen Sxh5 tun?} Nc6
$1 {Gar nichts! Schwarz setzt voll auf seine Entwicklung und zählt seine
materiellen Verluste nicht mehr.} 12. Nxh5 $6 (12. c3 {was ... Sd4 verhindert,
kam in Betracht.}) 12... Rxh5 $1 13. Qxh5 Nd4 {Welchen Rat soll man dem
Anziehenden geben?} 14. g6 ({Auf} 14. Bd3 {folgt} e4 15. c3 Qa5 16. Kf1 (16. b4
Qc7 17. Bd2 Nf3+ 18. Ke2 Nxd2 19. Kxd2 Qxc3+) 16... Nb3 {und Schwarz gewinnt
das geopferte Material mit Vorteil zurück.}) 14... Qf6 15. gxf7+ Qxf7 16. Qxf7+
Kxf7 17. Kd2 {Was sonst?} (17. Bd3 e4 18. c3 Nf3+ 19. Ke2 Bg4 {ist für Weiß
katastrophal.}) 17... Bg4 {[#]Schwarz schwebt 18... Lh6+ 19. Kc3 Tc8+ oder 19.
Kd3 Lf5+ vor, jeweils mit Erstürmung des Punktes c2.} 18. c4 ({Die Hauptpointe
ist jedoch die Verhinderung des von Weiß ersehnten Zuges} 18. c3 {Darauf folgt
nämlich} Bh6+ {und nun} 19. Ke1 (19. Kd3 Bf5#) (19. f4 $8 Bxf4+ 20. Ke1 Nc2+
21. Kf2 Nxa1 {mit Figurengewinn.}) 19... Nc2#) 18... Rc8 $1 19. a4 $4 ({Auf} 
19. Rb1 {beginnt die Jagd auf den weißen König:} Bh6+ 20. Kc3 Nb5+ 21. Kb4 Bf8+
$1 22. Kxb5 Bd7+ 23. Ka5 Rc5+ 24. Kb4 Rxc4+) ({Noch am besten war} 19. b3 {
wonach Schwarz eine reiche Auswahl hat; interessant ist} b5 $5 {Weiß kann
nicht auf d5/b5 zugreifen wegen matt, und nach dem folgenden ...bxc4 und ...
dxc4 wird der weiße König nicht schadlos überleben.}) 19... Nb3+ 0-1

[Event "Alekhine Memorial-02"]
[Site "Moscow"]
[Date "1971.12.08"]
[Round "11"]
[White "Karpov, Anatoly"]
[Black "Hort, Vlastimil"]
[Result "1-0"]
[WhiteElo "2540"]
[BlackElo "2605"]
[Annotator "Bronznik,V"]
[PlyCount "65"]
[EventDate "1971.11.24"]
[EventType "tourn"]
[EventRounds "17"]
[EventCountry "URS"]
[EventCategory "14"]
[SourceTitle "100 Jahre Schach"]
[Source "ChessBase"]
[SourceDate "2000.04.19"]
[SourceVersion "1"]
[SourceVersionDate "2000.04.19"]
[SourceQuality "1"]

1. e4 c5 2. Nf3 d6 3. d4 cxd4 4. Nxd4 Nf6 5. Nc3 e6 6. g4 Nc6 7. g5 Nd7 8. Be3
a6 9. f4 Be7 10. Rg1 Nxd4 11. Qxd4 e5 12. Qd2 exf4 13. Bxf4 Ne5 14. Be2 Be6 15.
Nd5 Bxd5 16. exd5 Ng6 17. Be3 h6 18. gxh6 Bh4+ 19. Kd1 gxh6 20. Bxh6 Bf6 21. c3
Be5 {Schwarz hat einen Bauern geopfert, und es sieht so aus, daß er gute
Kompensation dafür hat: der weiße König kann nicht mehr rochieren, es droht
der unangenehme Ausfall der Dame nach h4 und der h-Bauer ist schwach.} 22. Rg4
{[%cal Gg4a4,Gg4h4] Eine geniale Lösung! Hier kontrolliert der Turm die
wichtigste zentrale Horizontale, begrenzt dadurch die gegnerischen Figuren und
wird selbst sehr aktiv.} ({Nach} 22. Rg2 Qh4 $1 {hätte Schwarz starke
Initiative bekommen, z. B.} 23. Bg5 Qe4 {[%csl Rg2,Rh2]} 24. Bf1 Nh4 (24... Rh3
$5 $44) (24... Rc8 $5 $44) 25. Bxh4 Qa4+ 26. b3 Qxh4 27. Kc2 Rc8 28. Re1 Kf8
29. c4 b5 $44) (22. Bg5 Qb6 23. Be3 Qa5 {[%csl Rh2][%cal Ye8c8,Ya8d8]
verspricht auch nicht viel.} (23... Qc7 $5 {[%csl Rh2][%cal Ye8c8,Ya8d8] Karpov
})) 22... Qf6 {[%csl Rh2]} ({Auf} 22... Bxh2 {folgt} 23. Bxa6 $1 ({nicht
schlecht auch} 23. Kc2 Be5 (23... Ne5 $2 24. Rg2 $1 {[%csl Rh2]} Qh4 25. Rxh2
$1 Qxh2 26. Bb5+ $18) 24. Rag1 Qa5 25. Kb1 O-O-O 26. Rf1 {[%csl Ge2,Rf7,Gh6]
mit Vorteil}) 23... Rxa6 ({oder} 23... bxa6 24. Qxh2 Ne5 25. Rh4 $16) 24. Qxh2
Ne5 25. Rh4 $16) 23. h4 $1 {[%cal Gg4h4,Rh4h5]} Qf5 (23... Nxh4 $2 24. Bg5 $18)
24. Rb4 $1 Bf6 (24... O-O-O $2 25. Bg4 $18 {[%cal Gb4g4]}) 25. h5 Ne7 (25...
Ne5 $2 26. Rf4 $18) 26. Rf4 $1 ({Nach} 26. Rxb7 Rxh6 $5 (26... Nxd5 $5 27. c4
Rg8 {[%cal Rg8g1]}) 27. Rxe7+ (27. Qxh6 Qxd5+ 28. Kc2 Qe4+ 29. Bd3 Qg2+ 30. Kb1
Qh1+ 31. Kc2 Qg2+ $11) 27... Bxe7 28. Qxh6 Qxd5+ 29. Kc2 Bg5 30. Qh8+ Ke7 31.
Qd4 $8 Qxd4 32. cxd4 a5 {wäre es für Weiß nicht leicht diese Stellung zu
gewinnen.}) 26... Qe5 27. Rf3 {Der erste (und der einzige) zweifelhafte Moment
im Spiel des Weißen. Der Turm hat auf der vierten Reihe gut gearbeitet und
darf sie jetzt verlassen, aber wahrscheinlich gab es ein besseres Feld.} ({Nach
} 27. Rf1 $5 Nxd5 28. Re1 (28. Bf3 $5) 28... Ne7 $8 {wäre materielles
Gleichgewicht entstanden, aber Weiß hätte dank Läuferpaars und h-Freibauern
einen spührbaren Vorteil und die Möglichkeiten (z. B. 29.Bf4, 29.Bf3, 29.Bg4),
seine Initiative zu ehtfalten.}) 27... Nxd5 {( Schwarz hat trotzdem einen
Bauern zurückgewonnen)} 28. Rd3 Rxh6 29. Rxd5 ({Nach} 29. Qxh6 $6 Bg5 30. Qh7
Ne3+ 31. Rxe3 Qxe3 32. Qh8+ Kd7 33. Qd4 Qxd4+ 34. cxd4 Bf6 $11 {wäre das Spiel
ganz ausgeglichen.}) 29... Qe4 30. Rd3 {Genau diese Stellung hatte Karpov
beabsichtigt, als er mit dem Turm nach f3 zog.} {30...} Qh1+ $2 ({
Gleichbedeutend wäre} 30... Be5 $2 31. Qxh6 Qh1+ 32. Kc2 Qxa1) ({Aber nach} 
30... Qh7 $1 {(diesen Zug analysiert Karpov in seinen Anmerkungen überhaupt
nicht) hätte Schwarz gute Chancen gehabt, die Stellung zu halten.} {Es liegt
daran, daß} 31. Rxd6 $2 {an} (31. Rg3 Be5 32. Rg1 O-O-O $13) {31...} 31... Bg5
$3 {(wahrscheinlich haben beide Gegner diesen glänzenden Zug übersehen)} 32.
Rxh6 Qxh6 33. Qe1 O-O-O+ $19 {scheitert}) {Jetzt ist der Kampf sofort zu Ende.}
31. Kc2 Qxa1 32. Qxh6 Be5 33. Qg5 {Schwarz gab auf. Quelle: i12/459} 1-0

[Event "DDR-ch 38th"]
[Site "Zittau"]
[Date "1989.02.16"]
[Round "5"]
[White "Kaminski, Uwe"]
[Black "Vogt, Lothar"]
[Result "1-0"]
[WhiteElo "2345"]
[BlackElo "2505"]
[Annotator "Bulletin"]
[PlyCount "75"]
[EventDate "1989.02.12"]
[EventType "tourn"]
[EventRounds "13"]
[EventCountry "DDR"]
[EventCategory "7"]
[SourceTitle "CBM 012"]
[Source "ChessBase"]
[SourceDate "1989.10.01"]
[SourceVersion "1"]
[SourceVersionDate "1989.10.01"]
[SourceQuality "1"]

1. e4 c5 2. Nf3 d6 3. d4 cxd4 4. Nxd4 Nf6 5. Nc3 e6 6. g4 h6 7. h4 Nc6 8. Rg1
d5 $5 9. exd5 Nxd5 10. Nxd5 Qxd5 11. Bg2 Qe5+ 12. Be3 Bd7 (12... Nb4 {!?
Kasparov; ECO (2.Aufl.) 81/8,34} 13. c4 (13. Qd2 $1 $14 {Hübner} Nd5 14. O-O-O
{/\ Rge1} Nxe3 $2 15. Nc6 $1 $18) 13... Bc5 $13 {Kasparov}) 13. Nxc6 $1 Bxc6
14. Bxc6+ bxc6 15. Qd4 Qa5+ 16. c3 Rd8 {N; vorgeschlagen von Minic und Sindic
im Inf.30/439} (16... c5 17. Qe4 Rc8 18. O-O-O $1 $16 {Beliavsky,A-Ghinda,M/
Bukarest/1980/1-0/29/ -> Inf.30/349}) 17. Qc4 $1 $14 Qc7 18. Ke2 $1 Be7 19. g5
hxg5 20. hxg5 Qb7 21. b3 Rd5 22. Qe4 g6 23. c4 Ra5 $2 {>= 23...Rf5!} 24. Rh1 $1
Rg8 (24... Rxh1 25. Qxh1 Bxg5 $2 26. Bxg5 Rxg5 27. Qh8+ Ke7 28. Qh4 f6 29. Qh7+
$18) 25. Rh7 Rf8 (25... Bxg5 $2 26. Qxe6+ $1) 26. f4 Ra6 $6 27. Kf3 Qc8 $2 28.
c5 $1 Ra5 29. a4 Bxc5 30. b4 Bxe3 31. bxa5 Bd2 32. Rh2 $1 Bxa5 33. Rc1 c5 34.
Rhc2 Bb6 35. a5 Bxa5 36. Rxc5 Qa6 37. Rxa5 Qxa5 38. Qa8+ 1-0

[Event "Bugojno"]
[Site "Bugojno"]
[Date "1978.03.01"]
[Round "4"]
[White "Byrne, Robert Eugene"]
[Black "Spassky, Boris Vasilievich"]
[Result "0-1"]
[WhiteElo "2550"]
[BlackElo "2630"]
[Annotator "Bulletin"]
[PlyCount "82"]
[EventDate "1978.02.27"]
[EventType "tourn"]
[EventRounds "15"]
[EventCountry "YUG"]
[EventCategory "14"]
[SourceTitle "MCL"]
[Source "ChessBase"]
[SourceDate "1999.07.01"]
[SourceVersion "1"]
[SourceVersionDate "1999.07.01"]
[SourceQuality "1"]

1. e4 c5 2. Nf3 d6 3. d4 cxd4 4. Nxd4 Nf6 5. Nc3 e6 6. g4 Be7 7. g5 Nfd7 8. Rg1
Nc6 9. Be3 O-O 10. Rg3 (10. Qh5 $1 Re8 11. O-O-O a6 12. f4 g6 13. Qh4 Bf8 14.
Qf2 Nxd4 15. Bxd4 b5 16. f5 $16) 10... a6 11. Qh5 Re8 12. O-O-O g6 13. Qh4 Bf8
14. f4 h6 15. f5 (15. Nxe6 $5 Rxe6 (15... fxe6 16. f5 $13) 16. f5 $13) 15...
Nde5 16. f6 Bd7 17. gxh6 Kh7 18. Nce2 (18. Qg5 {/\h4 /-/+}) (18. Be2 {/\Rdg1})
(18. Be2 Qa5 19. Rg5 {/\Qf2, h4-h5}) 18... Qc7 19. Nf4 Rec8 $1 $15 20. c3 b5
21. Nh3 b4 22. Ng5+ Kh8 23. Bf4 (23. Nxf7+ $1 Nxf7 24. Rxg6 {/\h7, Rg8#} Nce5
25. Rg2 bxc3 26. h7 cxb2+ 27. Kb1 Bh6 28. Bxh6 Nxh6 29. Qxh6 Qc1+ (29... Ba4
30. Rg8+ Rxg8 31. hxg8=Q+ $10 Kxg8 32. Bc4 $1 $18) 30. Rxc1 $16) 23... Be8 24.
Nxc6 (24. Ngxe6 fxe6 25. Nxe6 Qf7 26. Nxf8 Qxf8 (26... Qxa2 $13) 27. h7 {
/\Bh6 +-}) (24. h7 {/\Nh3,Bh6,Bg7+} Qb6) 24... Bxc6 25. Kb1 a5 26. c4 Be8 27.
Rc1 a4 28. Be2 b3 29. a3 Qd8 30. Nf3 Nxf3 31. Rxf3 Kh7 32. Bg5 (32. Bd2) 32...
Qa5 33. Rg3 d5 $1 $19 34. exd5 exd5 35. Qf4 Bd7 36. Rgc3 Bf5+ 37. Bd3 Rxc4 38.
Qd2 Rxc3 39. bxc3 Bxa3 40. Rf1 Bxd3+ 41. Qxd3 Bd6 0-1

[Event "DDR-ch 38th"]
[Site "Zittau"]
[Date "1989.02.16"]
[Round "5"]
[White "Luther, Thomas"]
[Black "Boensch, Uwe"]
[Result "1-0"]
[WhiteElo "2415"]
[BlackElo "2490"]
[Annotator "Bulletin"]
[PlyCount "103"]
[EventDate "1989.02.12"]
[EventType "tourn"]
[EventRounds "13"]
[EventCountry "DDR"]
[EventCategory "7"]
[SourceTitle "CBM 012"]
[Source "ChessBase"]
[SourceDate "1989.10.01"]
[SourceVersion "1"]
[SourceVersionDate "1989.10.01"]
[SourceQuality "1"]

1. e4 c5 2. Nf3 e6 3. d4 cxd4 4. Nxd4 Nf6 5. Nc3 d6 6. g4 h6 7. h4 Nc6 8. Rg1
h5 9. gxh5 Nxh5 10. Bg5 Nf6 11. Qd2 a6 12. Be2 $5 Qb6 13. Nb3 Qc7 14. h5 $5 b5
(14... Nxh5 $5 15. Rh1 g6 $13 16. Bf6 $2 Bh6 $1) 15. a3 Bb7 16. O-O-O (16. h6
$1 O-O-O (16... Rc8 17. Bxb5 axb5 18. hxg7 Bxg7 19. Nxb5 $18 {/\ 20.Nxd6+}) 17.
O-O-O $16) 16... b4 $2 {16...Be7} 17. axb4 Nxb4 18. Qd4 $1 d5 19. h6 $1 Rxh6 $5
(19... e5 20. hxg7 exd4 21. gxh8=Q dxc3 22. Qxf6 cxb2+ 23. Qxb2 $18) 20. Bxh6
e5 21. Bf4 $1 (21. Qd2 d4 $1) 21... exf4 22. exd5 Bxd5 23. Rd2 Be6 24. Rg5 Rc8
25. Qe5 Qb7 26. Qa5 f3 $6 27. Bd1 g6 28. Nc5 Bxc5 29. Rxc5 Rb8 30. b3 Nd7 31.
Rc7 Qb6 32. Qxb6 Rxb6 33. Bxf3 $18 Ne5 34. Bg2 Kf8 35. Na4 Rb8 36. Rb7 Rxb7 37.
Bxb7 a5 38. Nc5 Bf5 39. Be4 Bg4 40. Nb7 f5 41. Bd5 f4 42. Nxa5 Bf5 43. Nc4
Ned3+ 44. cxd3 Nxd5 45. Nd6 Be6 46. Rb2 g5 47. b4 g4 48. Ne4 Ke7 49. Kd2 Kd8
50. b5 Nb6 51. Rb1 Bd5 52. Kc3 1-0